MARC details
| 000 -LEADER |
| campo de control de longitud fija |
01295nam a22003497a 4500 |
| 001 - NÚMERO DE CONTROL |
| campo de control |
113430 |
| 003 - IDENTIFICADOR DE NÚMERO DE CONTROL |
| campo de control |
mxcmmo |
| 005 - FECHA Y HORA DE LA ÚLTIMA TRANSACCIÓN |
| campo de control |
20260331231423.0 |
| 008 - DATOS DE LONGITUD FIJA--INFORMACIÓN GENERAL |
| campo de control de longitud fija |
250707e2023 mx ado|| |||| 00| 0 spa d |
| 020 ## - NÚMERO INTERNACIONAL ESTÁNDAR DEL LIBRO |
| Número Internacional Estándar del Libro |
9786078923526 |
| Información calificativa |
obra completa |
| 020 ## - NÚMERO INTERNACIONAL ESTÁNDAR DEL LIBRO |
| Número Internacional Estándar del Libro |
9786078923533 |
| Información calificativa |
volumen I |
| 020 ## - NÚMERO INTERNACIONAL ESTÁNDAR DEL LIBRO |
| Número Internacional Estándar del Libro |
9786078923540 |
| Información calificativa |
volumen II |
| 035 ## - NÚMERO DE CONTROL DEL SISTEMA |
| Número de control de sistema |
250723 |
| 040 ## - FUENTE DE CATALOGACIÓN |
| Centro catalogador/agencia de origen |
mxcmmo |
| Lengua de catalogación |
spa |
| Centro/agencia transcriptor |
mxcmmo |
| Normas de descripción |
rda |
| 041 0# - CÓDIGO DE IDIOMA |
| Código de lengua del texto/banda sonora o título independiente |
spa |
| 043 ## - CÓDIGO DE ÁREA GEOGRÁFICA |
| Código de área geográfica |
n-mx-ve |
| 082 04 - NÚMERO DE LA CLASIFICACIÓN DECIMAL DEWEY |
| Clasificación |
972.62 |
| Número de ítem |
HIS.g |
| Información de edición |
2023 |
| 245 00 - MENCIÓN DEL TÍTULO |
| Título |
Historia general de Veracruz / |
| Mención de responsabilidad, etc. |
Martín Gerardo Aguilar Sánchez, Juan Ortiz Escamilla, coordinadores |
| 264 #1 - PRODUCCIÓN, PUBLICACIÓN, DISTRIBUCIÓN, FABRICACIÓN Y COPYRIGHT |
| Producción, publicación, distribución, fabricación y copyright |
Xalapa Veracruz : |
| Nombre del de productor, editor, distribuidor, fabricante |
Universidad Veracruzana, |
| Fecha de producción, publicación, distribución, fabricación o copyright |
2023 |
| 300 ## - DESCRIPCIÓN FÍSICA |
| Extensión |
2 volúmenes : |
| Otras características físicas |
gráficas, ilustraciones, fotografías en blanco y negro ; |
| Dimensiones |
23 cm |
| 336 ## - TIPO DE CONTENIDO |
| Término de tipo de contenido |
texto |
| Código de tipo de contenido |
txt |
| Fuente |
rdacontent |
| 337 ## - TIPO DE MEDIO |
| Nombre/término del tipo de medio |
sin medio |
| Código del tipo de medio |
n |
| Fuente |
rdamedia |
| 338 ## - TIPO DE SOPORTE |
| Nombre/término del tipo de soporte |
volumen |
| Código del tipo de soporte |
nc |
| Fuente |
rdacarrier |
| 504 ## - NOTA DE BIBLIOGRAFÍA, ETC. |
| Nota de bibliografía, etc. Nota |
Incluye referencias bibliográficas al final de cada volumen |
| 541 ## - NOTA DE FUENTE DE ADQUISICIÓN DIRECTA |
| Fuente de adquisición |
UVeracruzana IIHS |
| Forma de adquisición |
Canje |
| 651 #7 - PUNTO DE ACCESO ADICIONAL DE MATERIA--NOMBRE GEOGRÁFICO |
| Nombre geográfico |
Veracruz |
| Subdivisión general |
Historia |
| 9 (RLIN) |
2814 |
| 700 ## - ENTRADA AGREGADA--NOMBRE PERSONAL |
| Nombre de persona |
Aguilar Sánchez, Martín |
| Término indicativo de función/relación |
coordinador |
| 9 (RLIN) |
162396 |
| 700 1# - ENTRADA AGREGADA--NOMBRE PERSONAL |
| Nombre de persona |
Ortiz Escamilla, Juan |
| Término indicativo de función/relación |
coordinador |
| 9 (RLIN) |
81146 |
| 710 ## - ENTRADA AGREGADA--NOMBRE DE ENTIDAD CORPORATIVA |
| Nombre de entidad corporativa o nombre de jurisdicción como elemento de entrada |
Universidad Veracruzana |
| Término indicativo de función/relación |
organismo emisor |
| 9 (RLIN) |
3479 |
| 900 ## - ELEMENTOS DE DATOS A LOCAL, LDA (RLIN) |
| Nombre de persona |
Luis Manuel Hernández |
| Numeración |
Chávez Lorenzo, María de Lourdes |
| 942 ## - ELEMENTOS DE ENTRADA SECUNDARIOS (KOHA) |
| Fuente del sistema de clasificación o colocación |
Clasificación Decimal Dewey |
| Tipo de ítem Koha |
Libro |
| 901 ## - ELEMENTOS DE DATOS A LOCAL LDA (RLIN) |
| a |
batch batch |